00358nam a2200121Ia 4500008004100000041001200041082001700053100001300070245008900083260003000172440000900202650002500211240126s9999 xx 000 0 und d aEnglish aPRMBA21-3302 aPavan M. 3aAn evaluation of overall performance of selected private banks in IndiabSrinivas G. bPES UniversityaBangalore aNULL aFinancial Management